Updating the stock trade? (Record no. 65881)

MARC details
000 -LEADER
fixed length control field 00933cam a2200217 4500
001 - CONTROL NUMBER
control field WB3704-13
008 - FIXED-LENGTH DATA ELEMENTS--GENERAL INFORMATION
fixed length control field 000000n2001 000 0 eng u
035 ## - SYSTEM CONTROL NUMBER
System control number (Sirsi) u110522
245 ## - TITLE STATEMENT
Title Updating the stock trade?
260 ## - PUBLICATION, DISTRIBUTION, ETC.
Date of publication, distribution, etc. 2001
490 ## - SERIES STATEMENT
Series statement Municipal Journal
Volume/sequential designation 19-25 January 2001, 14(2)
520 ## - SUMMARY, ETC.
Summary, etc. Government is to encourage local authorities to use arm's length companies to manage council housing. This would mean that local authorities would retain strategic control over their housing stock while running municipal housing along business lines. Councils have already been encouraged to transfer their stock to housing associations and other RSLs. Discusses both types of schemes.
590 ## - LOCAL NOTE (RLIN)
Local note WB
650 ## - SUBJECT ADDED ENTRY--TOPICAL TERM
Topical term or geographic name entry element ARM'S LENGTH COMPANIES
650 ## - SUBJECT ADDED ENTRY--TOPICAL TERM
Topical term or geographic name entry element STOCK TRANSFER
650 ## - SUBJECT ADDED ENTRY--TOPICAL TERM
Topical term or geographic name entry element LOCAL AUTHORITIES
650 ## - SUBJECT ADDED ENTRY--TOPICAL TERM
Topical term or geographic name entry element COUNCIL HOUSING
650 ## - SUBJECT ADDED ENTRY--TOPICAL TERM
Topical term or geographic name entry element HOUSING STOCK
690 ## - LOCAL SUBJECT ADDED ENTRY--TOPICAL TERM (OCLC, RLIN)
Topical term or geographic name as entry element Affordable housing
9 (RLIN) 6215
942 ## - ADDED ENTRY ELEMENTS (KOHA)
Suppress in OPAC 0
Holdings
Withdrawn status Lost status Source of classification or shelving scheme Damaged status Not for loan Home library Current library Shelving location Date acquired Total Checkouts Full call number Barcode Date last seen Copy number Price effective from Koha item type
    Dewey Decimal Classification     London London News article 25/01/2001   WB3704-13 110522-1001 06/08/2019 1 06/08/2019 News article